LDR 00825naa#a2200169#i#450# 001 EN\\bibl\126643 005 20260703163459.5 011 ## _a2587-6740 100 ## _a20260615b2026####ek#y0engy0150####ca 102 ## _aRU 200 1# _aFood sovereignty: conceptualization and system of assessment indicators _eJournal article 210 1# _aMoscow _cElectronic science _d2026 215 ## _a5 с. 608 ## _aJournal article _2local 675 ## _aПродовольственный комплекс (экономика питания, экономика продовольствия, продуктов питания). Продовольственный вопрос. 338.439 _aЭкономика промышленности и ремесленного производства. 338.45 _z 700 #1 _aBaryshnikova _gNatalia Anatol'evna 856 4# _aqje.su _u